000 01421nam a2200289 i 4500
003 DO-SdBNP
005 20250507101821.0
007 ta
008 250507b2024 dr ||||| |||| 00| 0 spa d
020 _a9789945800814
040 _aDO-SdBNP
_bspa
_cBNPHU
_erda
041 _aspa
082 4 _axxx
_bR788h
_222
100 _aRosamantes, José de,
_qJosé Roberto Fernández Ramírez,
_d1952 -
_eautor
_4aut.
_9228
245 1 0 _aHubo una vez un gran poeta Jacques Viau /
_cJosé de Rosamantes.
264 _aSanto Domingo, República Dominicana :
_bTiempo de Nosotros Editores :
_c2024.
300 _a98 páginas ;
_c23 cm.
336 _atexto
_btxt
_2rdacontent
337 _asin mediación
_bn
_2rdamedia
338 _avolumen
_bnc
_2rdacarrier
490 0 _aEnsayo
504 _aBibliografía: páginas 96-98
505 _aIntroducción -- La Revolución de abril, 1965 orígenes, causas efectos y consecuencias -- La literatura dominicana del sesenta --Sobre los padres poeta -- Una breve biografía sobre Jacques Viau -- Necrografía Jacques Viau -- La poética de Jacques Viau Renaud -- Una exegesis sobre permanencia del llanto -- Poetas que escribieron a Jacques Viau -- Otra canción de amor para Jacques Viau -- Alberto Baeza Flores enjuicia la poética de Jacques Viau -- Fuentes bibliográficas -- Perfil biográfico del autor.
590 _aInventariado, 2025 /LP
910 _aLP
942 _2ddc
_cLBS1
999 _c58384
_d58384